000 00547nam a22001817a 4500
999 _c11941
_d11941
003 AR-CdUCM
008 190405b ||||| |||| 00| 0 spa d
040 _aMUNICIPALIDAD PROVINCIAL DEL CUSCO
_cBIBLIOTECA MUNICIPAL DEL CUSCO
082 _a869.26 /
_bL54 / 1946
100 _aLevene, Gustavo G.
_929560
245 _aNiñez en Catamarca /
260 _aBuenos Aires :
_bProblemas,
_c1946.
300 _a128 páginas ;
_c18.5 cm.
650 _aNovela.
_95
650 _aNovela Argentina.
_99108
942 _2ddc
_cLIBROS
945 _awfj
_d2019-04-05